<?xml version="1.0" encoding="UTF-8"?>
<record
    xmlns:xsi="http://www.w3.org/2001/XMLSchema-instance"
    xsi:schemaLocation="http://www.loc.gov/MARC21/slim http://www.loc.gov/standards/marcxml/schema/MARC21slim.xsd"
    xmlns="http://www.loc.gov/MARC21/slim">

  <leader>02011nam a22002537a 4500</leader>
  <controlfield tag="001">6674</controlfield>
  <controlfield tag="003">FISKH</controlfield>
  <controlfield tag="005">20250520104926.0</controlfield>
  <controlfield tag="008">250520b        cb ||||| |||| 00| 0 eng d</controlfield>
  <datafield tag="040" ind1=" " ind2=" ">
    <subfield code="a">FISKH</subfield>
    <subfield code="b">khr</subfield>
    <subfield code="c">FISKH</subfield>
    <subfield code="d">FISKH</subfield>
  </datafield>
  <datafield tag="082" ind1=" " ind2=" ">
    <subfield code="a">510</subfield>
  </datafield>
  <datafield tag="100" ind1=" " ind2=" ">
    <subfield code="a">Sopheak, Uy </subfield>
  </datafield>
  <datafield tag="245" ind1=" " ind2=" ">
    <subfield code="a">&#x1782;&#x1793;&#x17D2;&#x179B;&#x17BA;&#x17C7; &#x1793;&#x17B7;&#x1784;&#x179C;&#x17B7;&#x1792;&#x17B8;&#x179F;&#x17B6;&#x179F;&#x17D2;&#x179A;&#x17D2;&#x178F;&#x178A;&#x17C4;&#x17C7;&#x179F;&#x17D2;&#x179A;&#x17B6;&#x1799;&#x179B;&#x17C6;&#x17A0;&#x17B6;&#x178F;&#x17CB;&#x179B;&#x17B8;&#x1798;&#x17B8;&#x178F; /</subfield>
    <subfield code="c">&#x179A;&#x17C0;&#x1794;&#x179A;&#x17C0;&#x1784;&#x178A;&#x17C4;&#x1799; &#x179F;&#x17B6;&#x179F;&#x17D2;&#x179A;&#x17B6;&#x17D2;&#x178F;&#x1785;&#x17B6;&#x179A;&#x17D2;&#x1799; &#x17A2;&#x17CA;&#x17BB;&#x1799; &#x179F;&#x17BB;&#x1797;:</subfield>
  </datafield>
  <datafield tag="260" ind1=" " ind2=" ">
    <subfield code="a">&#x1797;&#x17D2;&#x1793;&#x17C6;&#x1796;&#x17C1;&#x1789; :</subfield>
    <subfield code="b">&#x1794;&#x178E;&#x17D2;&#x178E;&#x17B6;&#x1782;&#x17B6;&#x179A; &#x1794;&#x17B6;&#x1780;&#x17CB;&#x1791;&#x17BC;&#x1780; III ,</subfield>
    <subfield code="c">2012 .</subfield>
  </datafield>
  <datafield tag="300" ind1=" " ind2=" ">
    <subfield code="a">187 pages : </subfield>
    <subfield code="b">color illustrations ; </subfield>
    <subfield code="c">15 cm . </subfield>
  </datafield>
  <datafield tag="520" ind1=" " ind2=" ">
    <subfield code="a">&#x179F;&#x17C0;&#x179C;&#x1797;&#x17C5;&#x1798;&#x17BD;&#x1799;&#x1780;&#x17D2;&#x1794;&#x17B6;&#x179B;&#x1793;&#x17C1;&#x17C7;&#x179A;&#x17BD;&#x1798;&#x1798;&#x17B6;&#x1793; &#x1782;&#x1793;&#x17D2;&#x179B;&#x17BA;&#x17C7;&#x178A;&#x17C4;&#x17C7;&#x179F;&#x17D2;&#x179A;&#x17B6;&#x1799;&#x179B;&#x17C6;&#x17A0;&#x17B6;&#x178F;&#x17CB;&#x179B;&#x17B8;&#x1798;&#x17B8;&#x178F;&#x1782;&#x17D2;&#x179A;&#x1794;&#x17CB;&#x179B;&#x17D2;&#x1794;&#x17B7;&#x1785; , &#x1782;&#x17C6;&#x179A;&#x17BC;&#x179B;&#x17C6;&#x17A0;&#x17B6;&#x178F;&#x17CB;&#x1793;&#x17B7;&#x1784;&#x178A;&#x17C6;&#x178E;&#x17C4;&#x17C7;&#x179F;&#x17D2;&#x179A;&#x17B6;&#x1799;&#x1782;&#x1793;&#x17D2;&#x179B;&#x17BA;&#x17C7; &#x1793;&#x17B7;&#x1784;&#x179F;&#x17D2;&#x179A;&#x1784;&#x17CB;&#x179B;&#x17C6;&#x17A0;&#x17B6;&#x178F;&#x17CB;&#x1792;&#x17D2;&#x179B;&#x17B6;&#x1794;&#x17CB;&#x1794;&#x17D2;&#x179A;&#x179B;&#x1784;&#x1782;&#x17D2;&#x179A;&#x1794;&#x17CB;&#x1787;&#x17C6;&#x1793;&#x17B6;&#x1793;&#x17CB; &#x179F;&#x1798;&#x17D2;&#x179A;&#x17B6;&#x1794;&#x17CB;&#x1794;&#x17D2;&#x179A;&#x179B;&#x1784;&#x179F;&#x1789;&#x17D2;&#x1789;&#x17B6;&#x1794;&#x17D0;&#x178F;&#x17D2;&#x179A;&#x1798;&#x1792;&#x17D2;&#x1799;&#x1798;&#x179F;&#x17B7;&#x1780;&#x17D2;&#x179F;&#x17B6;&#x1791;&#x17BB;&#x178F;&#x17B7;&#x1799;&#x1797;&#x17BC;&#x1798;&#x17B7; &#x1793;&#x17B7;&#x1784;&#x179F;&#x17B7;&#x179F;&#x17D2;&#x179F;&#x1796;&#x17BC;&#x1780;&#x17C2;, &#x1794;&#x17D2;&#x179A;&#x179B;&#x1784;&#x1780;&#x17D2;&#x179A;&#x1794;&#x1781;&#x17D0;&#x178E;&#x17D2;&#x178C;&#x1782;&#x17D2;&#x179A;&#x17BC;&#x1794;&#x1784;&#x17D2;&#x179A;&#x17C0;&#x1793;&#x200B;&#x1793;&#x17B7;&#x1784;&#x1794;&#x17D2;&#x179A;&#x179B;&#x1784;&#x1794;&#x17D2;&#x179A;&#x1787;&#x17C2;&#x1784;&#x17A2;&#x17B6;&#x17A0;&#x17B6;&#x179A;&#x179A;&#x17BC;&#x1794;&#x1780;&#x179A;&#x178E;&#x17CF;&#x1791;&#x17BC;&#x1791;&#x17C5; &#x17D4;&#x200B;</subfield>
  </datafield>
  <datafield tag="520" ind1=" " ind2=" ">
    <subfield code="a">"This book includes comprehensive solution strategies for all types of limit problems, sample exercises with key solutions, and a collection of past exam questions from all generations. It is designed to support students preparing for the high school diploma exam, outstanding student competitions, teacher recruitment exams, and general scholarship examinations."</subfield>
  </datafield>
  <datafield tag="650" ind1=" " ind2=" ">
    <subfield code="a">&#x179B;&#x17B8;&#x1798;&#x17B8;&#x178F;&#x200B;</subfield>
    <subfield code="v">&#x1782;&#x178E;&#x17B7;&#x178F;&#x179C;&#x17B7;&#x1791;&#x17D2;&#x1799;&#x17B6;&#x200B;</subfield>
  </datafield>
  <datafield tag="650" ind1=" " ind2=" ">
    <subfield code="a">Limit </subfield>
    <subfield code="v">Mathematics</subfield>
  </datafield>
  <datafield tag="700" ind1=" " ind2=" ">
    <subfield code="a">Mengleang, Lim </subfield>
    <subfield code="e">Illustrator </subfield>
  </datafield>
  <datafield tag="700" ind1=" " ind2=" ">
    <subfield code="d">Sotheary, Heng </subfield>
    <subfield code="e">Illustrator </subfield>
  </datafield>
  <datafield tag="942" ind1=" " ind2=" ">
    <subfield code="2">ddc</subfield>
    <subfield code="c">KHB</subfield>
    <subfield code="n">0</subfield>
  </datafield>
  <datafield tag="999" ind1=" " ind2=" ">
    <subfield code="c">6674</subfield>
    <subfield code="d">6674</subfield>
  </datafield>
  <datafield tag="952" ind1=" " ind2=" ">
    <subfield code="0">0</subfield>
    <subfield code="1">0</subfield>
    <subfield code="2">ddc</subfield>
    <subfield code="4">0</subfield>
    <subfield code="7">0</subfield>
    <subfield code="8">KH</subfield>
    <subfield code="a">002</subfield>
    <subfield code="b">002</subfield>
    <subfield code="c">SKB</subfield>
    <subfield code="d">2025-05-20</subfield>
    <subfield code="l">0</subfield>
    <subfield code="o">SOP 510</subfield>
    <subfield code="p">2025-1336</subfield>
    <subfield code="r">2025-05-20 10:49:22</subfield>
    <subfield code="w">2025-05-20</subfield>
    <subfield code="y">KHB</subfield>
  </datafield>
</record>
